000 00206 a2200097 4500
001 14699
100 _aAli Zaki
245 _aIslam in the world
260 _aLahore
_bSh M Ashraf
_c
090 _c11484
_d11484
942 _aNUST-CAE
_cM
_c1652
999 _c249772
_d249772